تحميل...

Criminal law Cases and materials

التفاصيل البيبلوغرافية
المؤلف الرئيسي: Smith,J C Hogan,Brian
اللغة:English
منشور في: London Butterworths 1975
الموضوعات:
LEADER 00367nam a22001457a 4500
003 OSt
008 091006t xxu||||| |||| 00| 0 eng d
080 |a 343  |b SMI' 75 
100 |a Smith,J C   |a Hogan,Brian  |9 5858 
245 |a Criminal law  |b Cases and materials 
260 |a London  |b Butterworths  |c 1975 
300 |a 672p. 
653 |a Criminal law 
942 |c BK  |6 _ 
999 |c 123248  |d 123248